Video Game Consoles - Statistics

General Stats
  • This quiz has been taken 32 times
  • The average score is 6 of 8
Answer Stats
Hint Answer % Correct
OG Handheld Console by Nintendo Gameboy
89%
Handheld Console by Sony PSP/PS Vita
89%
Most Recent Nintendo Console Switch
89%
Best Nintendo Console Wii
83%
Mariokart 7 was released on this Handheld Console 3DS
78%
Buzz was on this Console by Sony PS2
78%
Gay copy of above Wii U
67%
A lot of Nintendo games included part of this Console's name Nintendo 64
61%
No matching quizzes found
Score Distribution
Percent of People with Each Score
Percentile by Number Answered
Your Score History
You have not taken this quiz